Biochemistry (Record no. 757307)

MARC details
000 -LEADER
fixed length control field 00413 a2200157 4500
020 ## - INTERNATIONAL STANDARD BOOK NUMBER
ISBN 9788198953803
084 ## - OTHER CLASSIFICATION NUMBER
Source of Number CC
Classification number E9G
100 ## - MAIN ENTRY--AUTHOR NAME
Personal name SATYANARAYANA,U & CHAKRAPANI, U
245 ## - TITLE STATEMENT
Title Biochemistry
250 ## - EDITION STATEMENT
Edition statement Ed.7
260 ## - PUBLICATION, DISTRIBUTION, ETC. (IMPRINT)
Name of publisher CBS publishers,
Year of publication 2026,
Place of publication Delhi.
300 ## - PHYSICAL DESCRIPTION
Number of Pages 835 p.
500 ## - GENERAL NOTE
General note Includes supplement entitled Mind Maps in Biochemistry
942 ## - ADDED ENTRY ELEMENTS (KOHA)
Koha item type Book
Source of classification or shelving scheme Colon Classification
Holdings
Withdrawn status Lost status Source of classification or shelving scheme Damaged status Not for loan Collection code Home Library Current Location Shelving location Date acquired Source of acquisition Cost, normal purchase price Full call number Accession Number Cost, replacement price Price effective from Koha item type Public note
    Colon Classification     Reference Kerala University Library Kerala University Library General Stacks 11/03/2026 14 1572.50 E9G R6 (R) 326853 1850.00 11/03/2026 Reference Includes supplement entitled Mind Maps in Biochemistry